00302nam a2200121Ia 4500008004100000100002800041245003700069260003200106300000800138650001000146942000700156999001700163190216s9999||||xx |||||||||||||| ||und|| aDhinesh Chamela Shylesh 0aHindi-Gayain Geet Gyan Vigyan Ke bDuke University Pressc2010 a200 aHindi cBK c16799d16799